000 00904nam a22002295i 4500
001 161673
003 ES-MaACL
005 20250720063054.0
008 041022s1881 sp |||| | spa d
040 _aCAM
_bspa
_cCAM
100 1 _aPeña y Goñi, Antonio,
_d1846-1896
_990290
245 1 3 _aLa ópera Lohengrin en Madrid
_b: cuatro palabras antes de la representacion.
260 _aMadrid :
_b[s.n.],
_c1881 (
_fImprenta de J.M. Ducazcal)
300 _a16 p. ;
_c22 cm.
594 _aEn la cub. de la obra hay una anot. ms. que atribuye esta obra a Antonio Peña y Goñi.
596 _aPie de imp. tomado de verso de la port.
600 1 7 _aWagner, Richard,
_d1813-1883-
_tLohengrin
_2
_9154998
852 _aES-MaACL
_jT-704-F-1
_z-- Enc. hol. conservando la cub. original
_z-- Enc. en un vol. facticio
852 _aES-MaACL
_jT-1175-F-3
942 _2udc
999 _c161673
_d161673